000 00357cam a22001097a 4500
008 180718b1985 xxu||||| |||| 00| 0 eng d
082 _aG29x54 In2
245 _aBroadcasting and telecasting of Parliamentary proceedings
_cby Lok Sabha Secretariat
260 _aNew Delhi
_bLok Sabha Secretariat
_c1985
300 _a33+p
700 _aIndia. Lok Sabha Secretariat
999 _c490862
_d490862